|
|
|
|
| LEADER |
00000nam a2200000 i 4500 |
| 001 |
in00000000178 |
| 005 |
20251126061259.9 |
| 002 |
512792 |
| 008 |
020328s2001 unr l000 0yukr d |
| 020 |
|
|
|a 9669571006
|c 12.00 грн.
|
| 035 |
|
|
|a ( UA-KiNSAL)512792
|
| 040 |
|
|
|a UA-KiNSAL
|b ukr
|c UA-KiNSAL
|
| 080 |
|
|
|a 316.334.3(477)
|
| 090 |
|
|
|a 316.334.3(477)
|
| 100 |
1 |
|
|a Марчук, Є.К.
|q (Євген Кирилович),
|e автор.
|
| 245 |
1 |
0 |
|a Україна : Нова парадигма поступу :
|b Аналіт. дослідж. /
|c Є.К. Марчук
|
| 260 |
|
|
|a К. :
|b Аваллон,
|c 2001
|
| 300 |
|
|
|a 215 с.
|
| 504 |
|
|
|a Бібліогр.: с. 214-215
|
| 530 |
|
|
|a Original record
|u https://kubg.libs.net.ua/kubg_recs/0000002001.txt
|
| 650 |
0 |
4 |
|a Соціологічний розвиток України
|x Аналітичне дослідження
|
| 942 |
|
|
|2 UDC
|c BK
|
| 952 |
|
|
|a XP
|b книга
|d ХР
|z 20020328
|i 512792
|j 512792
|o 316.334.3(477)
|a 1996/25
|g 12.00
|c 1
|
| 920 |
|
|
|a PAZK
|
| 961 |
|
|
|a 691
|
| 991 |
0 |
0 |
|a 512792
|
| 997 |
|
|
|a 0000002001
|
| 998 |
|
|
|a 2001
|
| 999 |
f |
f |
|i 34d5e072-dada-465d-8a41-2deac23a34ac
|s 2455064d-5390-4f15-9a31-fe816e45f944
|t 0
|
| 952 |
f |
f |
|p Може видаватися
|a Національна наукова сільськогосподарська бібліотека
|b Центральна будівля
|c ННСБ всі підрозділи
|d Відділ зберігання
|t 0
|e 512792
|i книга
|n 1
|